00549nam a2200145 a 450000100100000000500170001000800410002702000150006804000250008310000330010824500990014126001000024030000360034070000270037600002096420200930011212.0100825s1997 dr ac 001 0 spa d a959709214X aDO-SdBNPbspacBNPHU1 aEfrén González, Ricardo.10aChe en la revolución cubana, 1955-1966 /cRicardo Efrén González, Pedro Alvarez Tabío. aLa Habana :bOficina de Publicaciones del Consejo de EstadobInstituto Cubano del Libro,c1997. a174 p, :bil., retrs. ;c28 cm.1 aAlvarez Tabía, Pedro